[Event "22nd ETCC Women 2019"]
[Site "Batumi"]
[Date "2019.10.27"]
[Round "4.17"]
[White "Mammadzada, Gunay"]
[Black "Bulmaga, Irina"]
[Result "1-0"]
[WhiteElo "2427"]
[BlackElo "2442"]
[Annotator "NA"]
[PlyCount "81"]
[EventDate "2019.10.24"]
[EventType "team-tourn"]
[EventCountry "GEO"]
[SourceTitle "playchess.com"]
[Source "ChessBase"]
[SourceQuality "1"]
[WhiteTeam "Azerbaijan"]
[BlackTeam "Romania"]
[WhiteTeamCountry "AZE"]
[BlackTeamCountry "ROU"]
[TimeControl "40/5400+30:1800+30"]

1. d4 {[%emt 0:00:00]} Nf6 {[%emt 0:00:00]} 2. c4 {[%emt 0:00:00]} e6 {[%emt 0:00:00]} 3. g3 {[%emt 0:00:00]} d5 {[%emt 0:00:24]} 4. Bg2 {[%emt 0:00:10]} Bb4+ {[%emt 0:00:42]} 5. Bd2 {[%emt 0:00:14]} Be7 {[%emt 0:00:16]} 6. Nf3 {[%emt 0:00:31]} O-O {[%emt 0:00:18]} 7. O-O {[%emt 0:00:35]} c6 {[%emt 0:01:45]} 8. Bf4 {[%emt 0:03:45]} Nbd7 {[%emt 0:00:31]} 9. Nc3 {[%emt 0:05:22]} b6 {[%emt 0:12:25]} 10. cxd5 {[%emt 0:11:28]} Nxd5 {[%emt 0:01:14]} 11. Nxd5 {[%emt 0:11:52]} cxd5 {[%emt 0:01:00]} 12. Qa4 {[%emt 0:04:42]} a5 {[%emt 0:15:00]} 13. Rfc1 {[%emt 0:05:53]} Ba6 {[%emt 0:04:14]} 14. Qd1 {[%emt 0:08:12]} Ra7 {[%emt 0:04:34]} 15. h4 {[%emt 0:03:46]} b5 {[%emt 0:04:36]} 16. Rc2 {[%emt 0:04:41]} Nb6 {[%emt 0:04:07]} 17. Ne5 {[%emt 0:02:22]} Bb7 18. Nxf7 {[%emt 0:02:28]} Rxf7 {[%emt 0:03:17]} 19. Bc7 {[%emt 0:00:05]} Qf8 {[%emt 0:00:37]} 20. Bxb6 {[%emt 0:00:14]} Ra6 {[%emt 0:00:31]} 21. Bc5 {[%emt 0:04:33]} Bxc5 {[%emt 0:10:51]} 22. Rxc5 {[%emt 0:00:22]} e5 {[%emt 0:08:07]} 23. Rxb5 {[%emt 0:06:24]} Bc6 {[%emt 0:03:10]} 24. Rc5 {[%emt 0:00:49]} e4 {[%emt 0:01:46]} 25. Rac1 {[%emt 0:03:07]} Qd6 {[%emt 0:00:40]} 26. Qc2 {[%emt 0:07:10]} Rf6 {[%emt 0:01:33]} 27. e3 {[%emt 0:03:19]} Qe6 {[%emt 0:04:18]} 28. Qb3 {[%emt 0:02:00]} a4 {[%emt 0:01:44]} 29. Qb8+ {[%emt 0:01:07]} Rf8 {[%emt 0:02:11]} 30. Qe5 {[%emt 0:01:07]} Re8 {[%emt 0:01:31]} 31. Qxe6+ {[%emt 0:02:53]} Rxe6 {[%emt 0:00:02]} 32. Bxe4 {[%emt 0:00:33]} dxe4 {[%emt 0:00:17]} 33. d5 {[%emt 0:00:06]} Bxd5 {[%emt 0:00:48]} 34. Rxd5 {[%emt 0:00:05]} Re8 {[%emt 0:03:26]} 35. Rc7 {[%emt 0:02:11]} Rf8 {[%emt 0:02:34]} 36. h5 {[%emt 0:03:50]} Rh6 {[%emt 0:01:51]} 37. Rdd7 {[%emt 0:00:54]} Rxh5 {[%emt 0:00:11]} 38. Rxg7+ {[%emt 0:00:04]} Kh8 {[%emt 0:00:04]} 39. Rge7 {[%emt 0:00:13]} Rh6 {[%emt 0:04:37]} 40. Rxe4 {[%emt 0:00:00]} Rhf6 {[%emt 0:00:00]} 41. Ree7 {[%emt 0:01:26]} 1-0

[Event "22nd ETCC Women 2019"]
[Site "Batumi"]
[Date "2019.10.27"]
[Round "4.17"]
[White "Worek, Joanna"]
[Black "Stojkovska, Monika"]
[Result "1-0"]
[WhiteElo "2319"]
[BlackElo "2108"]
[Annotator "NA"]
[PlyCount "65"]
[EventDate "2019.10.24"]
[EventType "team-tourn"]
[EventCountry "GEO"]
[SourceTitle "playchess.com"]
[Source "ChessBase"]
[SourceQuality "1"]
[WhiteTeam "Czech Republic"]
[BlackTeam "Macedonia"]
[WhiteTeamCountry "CZE"]
[BlackTeamCountry "MKD"]
[TimeControl "40/5400+30:1800+30"]

1. d4 {[%emt 0:00:00]} e6 {[%emt 0:00:00]} 2. c4 {[%emt 0:00:00]} Nf6 {[%emt 0:00:00]} 3. Nf3 {[%emt 0:00:00]} b6 {[%emt 0:00:00]} 4. g3 {[%emt 0:00:00]} Bb7 {[%emt 0:00:07]} 5. Bg2 {[%emt 0:00:00]} Be7 {[%emt 0:00:10]} 6. O-O {[%emt 0:00:13]} O-O {[%emt 0:00:05]} 7. d5 {[%emt 0:01:43]} exd5 {[%emt 0:22:47]} 8. Nh4 {[%emt 0:00:29]} c6 {[%emt 0:01:52]} 9. cxd5 {[%emt 0:00:14]} Nxd5 {[%emt 0:01:27]} 10. Nf5 {[%emt 0:00:07]} Bc5 {[%emt 0:03:16]} 11. e4 {[%emt 0:01:29]} Ne7 {[%emt 0:00:38]} 12. Nxg7 {[%emt 0:01:00]} Kxg7 {[%emt 0:10:29]} 13. b4 {[%emt 0:00:06]} Bxb4 {[%emt 0:06:24]} 14. Qd4+ {[%emt 0:00:05]} f6 {[%emt 0:00:31]} 15. Qxb4 {[%emt 0:00:06]} Ng6 {[%emt 0:06:35]} 16. h4 {[%emt 0:03:31]} c5 {[%emt 0:07:57]} 17. Qd2 {[%emt 0:01:30]} Nc6 {[%emt 0:00:44]} 18. Bb2 {[%emt 0:07:40]} Nd4 {[%emt 0:12:12]} 19. Bxd4 {[%emt 0:06:19]} cxd4 {[%emt 0:00:05]} 20. Qxd4 {[%emt 0:01:07]} Qe7 {[%emt 0:00:16]} 21. Nd2 {[%emt 0:02:29]} Rad8 {[%emt 0:04:32]} 22. Rac1 {[%emt 0:07:40]} d5 {[%emt 0:03:50]} 23. exd5 {[%emt 0:06:37]} Bxd5 {[%emt 0:00:35]} 24. Bxd5 {[%emt 0:03:41]} Qd7 {[%emt 0:01:12]} 25. Ne4 {[%emt 0:04:03]} Ne5 {[%emt 0:01:26]} 26. f4 {[%emt 0:17:21]} Ng6 {[%emt 0:10:28]} 27. Rcd1 {[%emt 0:09:22]} Ne7 {[%emt 0:04:38]} 28. Nc3 {[%emt 0:00:44]} Qh3 {[%emt 0:01:03]} 29. Qf2 {[%emt 0:02:55]} Nf5 {[%emt 0:00:32]} 30. Ne2 {[%emt 0:07:49]} Rde8 {[%emt 0:00:17]} 31. Bg2 {[%emt 0:00:43]} Qg4 {[%emt 0:00:09]} 32. Qf3 {[%emt 0:00:15]} Qxf3 {[%emt 0:00:22]} 33. Bxf3 {[%emt 0:00:14]} 1-0

[Event "22nd ETCC Women 2019"]
[Site "Batumi"]
[Date "2019.10.27"]
[Round "4.18"]
[White "Peptan, Corina-Isabela"]
[Black "Balajayeva, Khanim"]
[Result "1-0"]
[WhiteElo "2371"]
[BlackElo "2368"]
[Annotator "NA"]
[PlyCount "83"]
[EventDate "2019.10.24"]
[EventType "team-tourn"]
[EventCountry "GEO"]
[SourceTitle "playchess.com"]
[Source "ChessBase"]
[SourceQuality "1"]
[WhiteTeam "Romania"]
[BlackTeam "Azerbaijan"]
[WhiteTeamCountry "ROU"]
[BlackTeamCountry "AZE"]
[TimeControl "40/5400+30:1800+30"]

1. d4 {[%emt 0:00:00]} Nf6 {[%emt 0:00:00]} 2. c4 {[%emt 0:00:00]} e6 {[%emt 0:00:00]} 3. Nf3 {[%emt 0:00:00]} d5 {[%emt 0:00:00]} 4. Nc3 {[%emt 0:00:00]} Be7 {[%emt 0:00:14]} 5. Bf4 {[%emt 0:00:10]} O-O {[%emt 0:00:24]} 6. e3 {[%emt 0:00:06]} b6 {[%emt 0:00:03]} 7. Rc1 {[%emt 0:00:11]} c5 {[%emt 0:04:41]} 8. cxd5 {[%emt 0:07:39]} Nxd5 {[%emt 0:09:18]} 9. Nxd5 {[%emt 0:00:13]} Qxd5 {[%emt 0:11:34]} 10. Bc4 {[%emt 0:03:34]} Qd8 {[%emt 0:01:04]} 11. O-O {[%emt 0:02:27]} Bb7 {[%emt 0:00:32]} 12. Qe2 {[%emt 0:02:09]} cxd4 {[%emt 0:12:17]} 13. Nxd4 {[%emt 0:06:49]} Bc5 {[%emt 0:00:48]} 14. Nb3 {[%emt 0:05:40]} Qf6 {[%emt 0:03:28]} 15. Nxc5 {[%emt 0:00:17]} bxc5 {[%emt 0:00:02]} 16. Rfd1 {[%emt 0:01:48]} Rc8 {[%emt 0:02:31]} 17. Rd2 {[%emt 0:10:10]} Nc6 {[%emt 0:05:45]} 18. Ba6 {[%emt 0:00:21]} Bxa6 {[%emt 0:01:15]} 19. Qxa6 {[%emt 0:00:07]} Nb4 {[%emt 0:06:51]} 20. Qc4 {[%emt 0:00:11]} Nd5 {[%emt 0:06:56]} 21. Bg3 {[%emt 0:01:25]} Nb6 {[%emt 0:02:27]} 22. Qe4 {[%emt 0:04:36]} c4 {[%emt 0:04:09]} 23. Be5 {[%emt 0:06:59]} Qg6 {[%emt 0:07:23]} 24. Qf3 {[%emt 0:05:53]} Rd8 {[%emt 0:03:10]} 25. Rd4 {[%emt 0:09:11]} Qf5 {[%emt 0:06:20]} 26. Qxf5 {[%emt 0:09:18]} exf5 {[%emt 0:00:03]} 27. Rxd8+ {[%emt 0:02:04]} Rxd8 {[%emt 0:00:04]} 28. g3 {[%emt 0:00:39]} f6 {[%emt 0:02:12]} 29. Bd4 {[%emt 0:00:08]} Rc8 {[%emt 0:00:10]} 30. Rc3 {[%emt 0:01:48]} Kf7 {[%emt 0:02:58]} 31. Ra3 {[%emt 0:00:09]} Rc7 {[%emt 0:00:04]} 32. Kf1 {[%emt 0:02:38]} Ke6 {[%emt 0:03:58]} 33. h4 {[%emt 0:00:58]} h5 {[%emt 0:01:53]} 34. Ra5 {[%emt 0:00:12]} g5 {[%emt 0:01:16]} 35. hxg5 {[%emt 0:00:18]} fxg5 {[%emt 0:00:37]} 36. Re5+ {[%emt 0:00:07]} Kd6 {[%emt 0:01:22]} 37. Rxf5 {[%emt 0:00:06]} Nd5 {[%emt 0:00:10]} 38. Rxg5 {[%emt 0:00:14]} Rh7 {[%emt 0:00:33]} 39. Kg2 {[%emt 0:03:24]} Ke6 {[%emt 0:01:56]} 40. a3 {[%emt 0:00:00]} Kd6 {[%emt 0:00:00]} 41. Rg6+ {[%emt 0:04:21]} Ke7 {[%emt 0:05:18]} 42. Ra6 {[%emt 0:00:31]} 1-0

[Event "22nd ETCC Women 2019"]
[Site "Batumi"]
[Date "2019.10.27"]
[Round "4.18"]
[White "Bejatovic, Bojana"]
[Black "Olsarova, Karolina"]
[Result "0-1"]
[WhiteElo "2004"]
[BlackElo "2294"]
[Annotator "NA"]
[PlyCount "52"]
[EventDate "2019.10.24"]
[EventType "team-tourn"]
[EventCountry "GEO"]
[SourceTitle "playchess.com"]
[Source "ChessBase"]
[SourceQuality "1"]
[WhiteTeam "Macedonia"]
[BlackTeam "Czech Republic"]
[WhiteTeamCountry "MKD"]
[BlackTeamCountry "CZE"]
[TimeControl "40/5400+30:1800+30"]

1. e4 {[%emt 0:00:00]} e5 {[%emt 0:00:00]} 2. Nf3 {[%emt 0:00:00]} Nc6 {[%emt 0:00:00]} 3. Bc4 {[%emt 0:00:00]} Bc5 {[%emt 0:00:00]} 4. d3 {[%emt 0:00:06]} Nf6 {[%emt 0:00:32]} 5. Nc3 {[%emt 0:00:22]} O-O {[%emt 0:11:51]} 6. Bg5 {[%emt 0:00:47]} Be7 {[%emt 0:04:14]} 7. a4 {[%emt 0:07:55]} d6 {[%emt 0:01:23]} 8. h3 {[%emt 0:01:35]} Be6 {[%emt 0:01:29]} 9. O-O {[%emt 0:06:22]} Nxe4 {[%emt 0:20:06]} 10. Nxe4 {[%emt 0:00:48]} d5 {[%emt 0:00:06]} 11. Bxe7 {[%emt 0:01:07]} Qxe7 {[%emt 0:00:20]} 12. Bb5 {[%emt 0:00:53]} dxe4 {[%emt 0:00:07]} 13. dxe4 {[%emt 0:00:01]} Rfd8 {[%emt 0:01:56]} 14. Qe2 {[%emt 0:05:49]} Qc5 {[%emt 0:06:53]} 15. c3 {[%emt 0:13:47]} f6 {[%emt 0:11:12]} 16. Nd2 {[%emt 0:07:20]} Kh8 {[%emt 0:03:40]} 17. Rac1 {[%emt 0:08:16]} a6 {[%emt 0:03:21]} 18. b4 {[%emt 0:03:27]} Qd6 {[%emt 0:10:04]} 19. Nc4 {[%emt 0:08:50]} Qd7 {[%emt 0:05:43]} 20. Bxc6 {[%emt 0:00:23]} Qxc6 {[%emt 0:00:02]} 21. Na5 {[%emt 0:02:05]} Qb6 {[%emt 0:00:02]} 22. Rfd1 {[%emt 0:03:19]} c5 {[%emt 0:03:26]} 23. Nc4 {[%emt 0:06:31]} Qc6 {[%emt 0:01:18]} 24. a5 {[%emt 0:02:09]} Qb5 {[%emt 0:02:06]} 25. Rd5 {[%emt 0:05:14]} Rxd5 {[%emt 0:01:05]} 26. exd5 {[%emt 0:00:46]} Bxd5 {[%emt 0:00:06]} 0-1

[Event "22nd ETCC Women 2019"]
[Site "Batumi"]
[Date "2019.10.27"]
[Round "4.19"]
[White "Mammadova, Gulnar"]
[Black "Cosma, Elena-Luminita"]
[Result "1/2-1/2"]
[WhiteElo "2369"]
[BlackElo "2313"]
[Annotator "NA"]
[PlyCount "146"]
[EventDate "2019.10.24"]
[EventType "team-tourn"]
[EventCountry "GEO"]
[SourceTitle "playchess.com"]
[Source "ChessBase"]
[SourceQuality "1"]
[WhiteTeam "Azerbaijan"]
[BlackTeam "Romania"]
[WhiteTeamCountry "AZE"]
[BlackTeamCountry "ROU"]
[TimeControl "40/5400+30:1800+30"]

1. e4 {[%emt 0:00:00]} e6 {[%emt 0:00:00]} 2. d4 {[%emt 0:00:00]} d5 {[%emt 0:00:00]} 3. Nc3 {[%emt 0:00:00]} Nf6 {[%emt 0:00:00]} 4. Bg5 {[%emt 0:00:00]} Be7 {[%emt 0:00:00]} 5. e5 {[%emt 0:00:05]} Nfd7 {[%emt 0:00:05]} 6. h4 {[%emt 0:00:18]} Nc6 {[%emt 0:00:09]} 7. Qd2 {[%emt 0:01:28]} Nb6 {[%emt 0:02:22]} 8. f4 {[%emt 0:05:24]} Bd7 {[%emt 0:08:57]} 9. h5 {[%emt 0:07:14]} h6 {[%emt 0:01:44]} 10. Bxe7 {[%emt 0:02:20]} Qxe7 {[%emt 0:00:04]} 11. Nf3 {[%emt 0:01:58]} O-O-O {[%emt 0:00:07]} 12. a4 {[%emt 0:07:06]} Nc4 {[%emt 0:17:48]} 13. Bxc4 {[%emt 0:04:02]} dxc4 {[%emt 0:02:04]} 14. Nd1 {[%emt 0:14:39]} Nb4 {[%emt 0:10:32]} 15. Ne3 {[%emt 0:01:59]} f6 {[%emt 0:10:36]} 16. Nxc4 {[%emt 0:05:14]} Bc6 {[%emt 0:04:50]} 17. c3 {[%emt 0:08:08]} Bd5 {[%emt 0:08:11]} 18. Ne3 {[%emt 0:02:05]} Bxf3 {[%emt 0:02:51]} 19. gxf3 {[%emt 0:01:17]} Nd5 {[%emt 0:05:08]} 20. Nxd5 {[%emt 0:01:44]} Rxd5 {[%emt 0:00:06]} 21. b4 {[%emt 0:07:12]} Rf8 {[%emt 0:02:02]} 22. Qe3 {[%emt 0:04:19]} fxe5 {[%emt 0:02:40]} 23. fxe5 {[%emt 0:00:29]} Rf5 {[%emt 0:00:06]} 24. Ke2 {[%emt 0:03:16]} Qf7 {[%emt 0:01:47]} 25. Rag1 {[%emt 0:04:50]} Rd7 {[%emt 0:00:56]} 26. Qe4 {[%emt 0:10:26]} Rxh5 27. a5 {[%emt 0:00:51]} Rxh1 {[%emt 0:13:43]} 28. Rxh1 {[%emt 0:00:01]} Rd8 {[%emt 0:01:48]} 29. a6 {[%emt 0:02:28]} c6 {[%emt 0:00:07]} 30. Rb1 {[%emt 0:02:25]} Qd7 {[%emt 0:02:40]} 31. axb7+ {[%emt 0:00:28]} Kb8 {[%emt 0:00:27]} 32. Ke3 {[%emt 0:01:25]} Rf8 {[%emt 0:02:26]} 33. c4 {[%emt 0:01:39]} a6 {[%emt 0:00:20]} 34. Qd3 {[%emt 0:01:20]} Qxb7 {[%emt 0:00:45]} 35. Ke2 {[%emt 0:00:23]} Rf4 {[%emt 0:00:26]} 36. b5 {[%emt 0:00:30]} cxb5 {[%emt 0:00:08]} 37. cxb5 {[%emt 0:00:11]} a5 {[%emt 0:00:13]} 38. b6 {[%emt 0:00:41]} Qd5 {[%emt 0:00:44]} 39. Qc3 {[%emt 0:00:38]} Rf7 {[%emt 0:00:29]} 40. Rc1 {[%emt 0:00:00]} Qb5+ {[%emt 0:00:00]} 41. Ke3 {[%emt 0:05:21]} Qxb6 {[%emt 0:02:06]} 42. Ra1 {[%emt 0:06:40]} Qb7 {[%emt 0:10:02]} 43. Ke2 {[%emt 0:04:08]} Qb4 {[%emt 0:05:13]} 44. Qa3 {[%emt 0:09:01]} Qxa3 {[%emt 0:11:24]} 45. Rxa3 {[%emt 0:00:01]} Ra7 {[%emt 0:00:07]} 46. Kd3 {[%emt 0:00:04]} Kc7 {[%emt 0:00:39]} 47. d5 {[%emt 0:00:52]} exd5 {[%emt 0:00:11]} 48. Kd4 {[%emt 0:00:02]} a4 {[%emt 0:01:09]} 49. Kxd5 {[%emt 0:00:17]} Kd7 {[%emt 0:00:58]} 50. f4 {[%emt 0:00:04]} g6 {[%emt 0:01:21]} 51. Ke4 {[%emt 0:01:09]} Ke6 {[%emt 0:02:17]} 52. Rg3 {[%emt 0:01:10]} a3 {[%emt 0:00:57]} 53. Rxg6+ {[%emt 0:00:20]} Kf7 {[%emt 0:00:05]} 54. Rg1 {[%emt 0:03:56]} a2 {[%emt 0:00:05]} 55. Ra1 {[%emt 0:00:03]} Ra4+ {[%emt 0:00:40]} 56. Kf5 {[%emt 0:01:05]} Ra6 {[%emt 0:00:12]} 57. Ke4 {[%emt 0:00:35]} Ke6 {[%emt 0:01:43]} 58. f5+ {[%emt 0:00:06]} Kf7 {[%emt 0:00:05]} 59. Kf4 {[%emt 0:01:39]} Ra4+ {[%emt 0:00:20]} 60. Kf3 {[%emt 0:00:21]} h5 {[%emt 0:00:09]} 61. Kg3 {[%emt 0:00:15]} h4+ {[%emt 0:00:08]} 62. Kh3 {[%emt 0:00:08]} Ke7 {[%emt 0:00:07]} 63. Kh2 {[%emt 0:00:15]} Ra3 {[%emt 0:00:06]} 64. Kg2 {[%emt 0:00:04]} Kf8 {[%emt 0:00:50]} 65. Kh2 {[%emt 0:00:21]} Kf7 {[%emt 0:00:08]} 66. Kg2 {[%emt 0:00:08]} h3+ {[%emt 0:01:23]} 67. Kh2 {[%emt 0:00:03]} Kg7 {[%emt 0:00:15]} 68. Kh1 {[%emt 0:00:29]} Kh6 {[%emt 0:00:59]} 69. e6 {[%emt 0:00:41]} Kg7 {[%emt 0:00:09]} 70. e7 {[%emt 0:00:07]} Kf7 {[%emt 0:00:32]} 71. f6 {[%emt 0:00:08]} Ra8 {[%emt 0:00:18]} 72. Kh2 {[%emt 0:00:06]} Kxf6 {[%emt 0:01:05]} 73. e8=Q {[%emt 0:00:28]} Rxe8 1/2-1/2

[Event "22nd ETCC Women 2019"]
[Site "Batumi"]
[Date "2019.10.27"]
[Round "4.19"]
[White "Sikorova, Olga"]
[Black "Manova, Ivana"]
[Result "1-0"]
[WhiteElo "2234"]
[BlackElo "1795"]
[Annotator "NA"]
[PlyCount "111"]
[EventDate "2019.10.24"]
[EventType "team-tourn"]
[EventCountry "GEO"]
[SourceTitle "playchess.com"]
[Source "ChessBase"]
[SourceQuality "1"]
[WhiteTeam "Czech Republic"]
[BlackTeam "Macedonia"]
[WhiteTeamCountry "CZE"]
[BlackTeamCountry "MKD"]
[TimeControl "40/5400+30:1800+30"]

1. Nf3 {[%emt 0:00:00]} Nf6 {[%emt 0:00:00]} 2. c4 {[%emt 0:00:00]} e6 {[%emt 0:00:09]} 3. g3 {[%emt 0:00:16]} d5 {[%emt 0:00:23]} 4. b3 {[%emt 0:01:09]} Be7 {[%emt 0:01:36]} 5. Bg2 {[%emt 0:00:17]} a6 {[%emt 0:01:20]} 6. O-O {[%emt 0:03:15]} O-O {[%emt 0:00:35]} 7. Bb2 {[%emt 0:04:22]} b5 {[%emt 0:01:26]} 8. Ne5 {[%emt 0:10:33]} Bb7 {[%emt 0:08:49]} 9. Nc3 {[%emt 0:09:50]} b4 {[%emt 0:06:43]} 10. Na4 {[%emt 0:01:46]} Nbd7 {[%emt 0:09:23]} 11. Nxd7 {[%emt 0:03:38]} Nxd7 {[%emt 0:10:15]} 12. cxd5 {[%emt 0:02:00]} exd5 {[%emt 0:00:45]} 13. Rc1 {[%emt 0:00:53]} c5 {[%emt 0:02:46]} 14. d4 {[%emt 0:01:27]} Qa5 {[%emt 0:11:47]} 15. dxc5 {[%emt 0:06:27]} Nxc5 {[%emt 0:03:57]} 16. Nxc5 {[%emt 0:03:02]} Bxc5 {[%emt 0:00:37]} 17. Qd2 {[%emt 0:02:22]} Qb6 {[%emt 0:04:00]} 18. Bxd5 {[%emt 0:04:48]} Be7 {[%emt 0:08:39]} 19. Bxb7 {[%emt 0:04:08]} Qxb7 {[%emt 0:00:09]} 20. Qf4 {[%emt 0:00:51]} Rac8 {[%emt 0:04:12]} 21. Qg4 {[%emt 0:04:45]} f6 {[%emt 0:00:22]} 22. Qe6+ {[%emt 0:00:45]} Kh8 {[%emt 0:00:06]} 23. Rxc8 {[%emt 0:02:10]} Rxc8 {[%emt 0:00:05]} 24. Rd1 {[%emt 0:00:25]} h6 {[%emt 0:07:21]} 25. Rd7 {[%emt 0:11:19]} Rc7 {[%emt 0:00:07]} 26. Rxc7 {[%emt 0:01:00]} Qxc7 {[%emt 0:00:04]} 27. Bd4 {[%emt 0:01:59]} Bd6 {[%emt 0:02:37]} 28. Qe8+ {[%emt 0:03:30]} Kh7 {[%emt 0:00:06]} 29. Qe4+ {[%emt 0:00:21]} Kh8 {[%emt 0:00:33]} 30. Qa8+ {[%emt 0:00:25]} Kh7 {[%emt 0:00:42]} 31. Qxa6 {[%emt 0:00:27]} Be5 {[%emt 0:02:22]} 32. Qd3+ {[%emt 0:01:43]} Kh8 {[%emt 0:00:31]} 33. Be3 {[%emt 0:03:52]} Qa5 {[%emt 0:00:57]} 34. Qc2 {[%emt 0:01:15]} Bc3 {[%emt 0:01:30]} 35. Bc1 {[%emt 0:01:37]} Be5 {[%emt 0:04:00]} 36. Bd2 {[%emt 0:00:44]} Qa3 {[%emt 0:03:02]} 37. Qc8+ {[%emt 0:04:23]} Kh7 {[%emt 0:00:12]} 38. Qc5 {[%emt 0:00:30]} Bc3 {[%emt 0:00:56]} 39. Qf5+ {[%emt 0:00:51]} Kh8 {[%emt 0:00:11]} 40. Qc2 {[%emt 0:00:00]} Be5 {[%emt 0:00:00]} 41. Bc1 {[%emt 0:21:31]} Qa7 {[%emt 0:08:28]} 42. Be3 {[%emt 0:00:21]} Qa3 {[%emt 0:01:38]} 43. Bc5 {[%emt 0:00:51]} Qa5 {[%emt 0:01:04]} 44. Qc4 {[%emt 0:01:37]} Qxa2 {[%emt 0:05:10]} 45. Bxb4 {[%emt 0:00:09]} Qa1+ {[%emt 0:01:45]} 46. Kg2 {[%emt 0:00:04]} Qa8+ {[%emt 0:00:31]} 47. f3 {[%emt 0:00:49]} Qa1 {[%emt 0:01:22]} 48. Bc5 {[%emt 0:00:39]} Qa5 {[%emt 0:06:58]} 49. b4 {[%emt 0:02:08]} Qc7 {[%emt 0:00:07]} 50. Qd5 {[%emt 0:00:48]} Qb8 {[%emt 0:00:51]} 51. Qc6 {[%emt 0:04:39]} Qd8 {[%emt 0:01:10]} 52. b5 {[%emt 0:01:26]} f5 {[%emt 0:02:11]} 53. Qe6 {[%emt 0:01:31]} Qc7 {[%emt 0:01:16]} 54. Qe7 {[%emt 0:01:24]} Kg8 {[%emt 0:02:44]} 55. Qxc7 {[%emt 0:00:26]} Bxc7 {[%emt 0:00:02]} 56. Ba7 {[%emt 0:00:07]} 1-0

[Event "22nd ETCC Women 2019"]
[Site "Batumi"]
[Date "2019.10.27"]
[Round "4.20"]
[White "Lehaci, Miruna-Daria"]
[Black "Mamedjarova, Turkan"]
[Result "0-1"]
[WhiteElo "2131"]
[BlackElo "2314"]
[Annotator "NA"]
[PlyCount "106"]
[EventDate "2019.10.24"]
[EventType "team-tourn"]
[EventCountry "GEO"]
[SourceTitle "playchess.com"]
[Source "ChessBase"]
[SourceQuality "1"]
[WhiteTeam "Romania"]
[BlackTeam "Azerbaijan"]
[WhiteTeamCountry "ROU"]
[BlackTeamCountry "AZE"]
[TimeControl "40/5400+30:1800+30"]

1. d4 {[%emt 0:00:00]} d5 {[%emt 0:00:00]} 2. c4 {[%emt 0:00:00]} e6 {[%emt 0:00:00]} 3. Nf3 {[%emt 0:00:00]} Nf6 {[%emt 0:00:00]} 4. Nc3 {[%emt 0:00:00]} c6 {[%emt 0:00:04]} 5. e3 {[%emt 0:00:00]} Nbd7 {[%emt 0:00:26]} 6. Qc2 {[%emt 0:00:00]} Bd6 {[%emt 0:00:24]} 7. Bd3 {[%emt 0:00:00]} O-O {[%emt 0:00:44]} 8. O-O {[%emt 0:00:01]} dxc4 {[%emt 0:00:53]} 9. Bxc4 {[%emt 0:00:06]} b5 {[%emt 0:00:36]} 10. Be2 {[%emt 0:00:13]} Qc7 {[%emt 0:04:33]} 11. e4 {[%emt 0:05:43]} e5 {[%emt 0:00:58]} 12. dxe5 {[%emt 0:03:11]} Nxe5 {[%emt 0:00:16]} 13. Nd4 {[%emt 0:08:16]} Ng6 {[%emt 0:12:38]} 14. h3 {[%emt 0:07:51]} a6 {[%emt 0:09:36]} 15. Bg5 {[%emt 0:03:22]} Nd7 {[%emt 0:10:27]} 16. Nf5 {[%emt 0:04:59]} Be5 {[%emt 0:04:59]} 17. g3 {[%emt 0:11:32]} h6 {[%emt 0:07:31]} 18. Be3 {[%emt 0:00:32]} Nf6 {[%emt 0:03:10]} 19. f4 {[%emt 0:11:27]} Bxc3 {[%emt 0:00:31]} 20. bxc3 {[%emt 0:00:12]} Re8 {[%emt 0:03:58]} 21. Bd4 Nxe4 {[%emt 0:08:25]} 22. Nxg7 {[%emt 0:09:22]} Re7 {[%emt 0:00:05]} 23. Bd3 {[%emt 0:12:38]} Nxg3 {[%emt 0:05:26]} 24. Qg2 {[%emt 0:00:47]} Nxf1 {[%emt 0:04:19]} 25. Rxf1 {[%emt 0:01:20]} c5 {[%emt 0:04:14]} 26. Qxa8 {[%emt 0:05:41]} cxd4 {[%emt 0:00:17]} 27. Nf5 {[%emt 0:00:30]} Re8 {[%emt 0:00:42]} 28. cxd4 {[%emt 0:04:41]} Rd8 {[%emt 0:03:51]} 29. Qg2 {[%emt 0:03:04]} Bxf5 {[%emt 0:00:31]} 30. Bxf5 {[%emt 0:00:05]} Rxd4 {[%emt 0:01:03]} 31. Bxg6 {[%emt 0:02:56]} fxg6 {[%emt 0:00:02]} 32. f5 {[%emt 0:00:08]} Rd6 {[%emt 0:05:00]} 33. fxg6 {[%emt 0:02:33]} Qc5+ {[%emt 0:02:06]} 34. Kh2 {[%emt 0:02:09]} Qe5+ {[%emt 0:02:03]} 35. Kh1 {[%emt 0:01:02]} Qd5 {[%emt 0:01:23]} 36. Qxd5+ {[%emt 0:02:29]} Rxd5 {[%emt 0:00:02]} 37. Rc1 {[%emt 0:00:19]} Rd6 {[%emt 0:00:42]} 38. a4 {[%emt 0:00:53]} b4 {[%emt 0:02:08]} 39. Rc8+ {[%emt 0:00:38]} Kg7 {[%emt 0:00:04]} 40. Rb8 {[%emt 0:00:00]} a5 {[%emt 0:00:00]} 41. Rb5 {[%emt 0:03:44]} Rd2 {[%emt 0:01:55]} 42. Rb6 {[%emt 0:07:08]} Ra2 {[%emt 0:00:57]} 43. h4 {[%emt 0:00:09]} h5 {[%emt 0:00:23]} 44. Kg1 {[%emt 0:00:37]} Rxa4 {[%emt 0:00:24]} 45. Kf2 {[%emt 0:00:04]} Ra3 {[%emt 0:00:09]} 46. Kg2 {[%emt 0:00:31]} b3 {[%emt 0:01:00]} 47. Kf3 {[%emt 0:00:19]} b2+ {[%emt 0:02:17]} 48. Kg2 {[%emt 0:04:39]} Ra2 {[%emt 0:01:01]} 49. Kf3 {[%emt 0:00:04]} Kh6 {[%emt 0:01:46]} 50. Ke3 {[%emt 0:03:07]} a4 {[%emt 0:00:44]} 51. Ke4 {[%emt 0:01:08]} a3 {[%emt 0:00:19]} 52. Kf5 {[%emt 0:00:07]} Ra1 {[%emt 0:00:30]} 53. Kf6 {[%emt 0:00:04]} Rf1+ {[%emt 0:00:15]} 0-1